|
|
|
|
| LEADER |
00000cam a2200000 7i4500 |
| 001 |
0000003008 |
| 005 |
20040331.0 |
| 090 |
0 |
0 |
|a RP 634.96
|b INC 1994
|
| 245 |
0 |
4 |
|a The INCIDENCE of heartrot in Acacia mangium plantations in peninsular Malaysia
|c Zakaria Ibrahim ... [et al.]. Sawn timber from Acacia mangium affected by heartrot
|c Ho Kam Seng & Sim Heok Choh
|
| 260 |
0 |
0 |
|a Kuala Lumpur :
|b Forest Research Institute Malaysia ,
|c 1994
|
| 300 |
|
|
|a 21 p. :
|b ill. ;
|c 30 cm.
|
| 440 |
0 |
0 |
|a Research pamphlet ; no. 114
|
| 500 |
0 |
0 |
|a Includes bibliographical references
|
| 650 |
0 |
0 |
|a Heartrot
|z Peninsular Malaysia
|
| 650 |
0 |
0 |
|a Mangium
|x Diseases and pests
|z Peninsular Malaysia
|
| 650 |
0 |
0 |
|a Timber
|z Peninsular Malaysia
|
| 650 |
0 |
0 |
|a Wood-decaying fungi
|z Peninsular Malaysia
|
| 700 |
0 |
1 |
|a Ho
|h Kam Seng. Sawn timber from Acacia mangium affected by heartrot
|
| 700 |
0 |
1 |
|a Zakaria Ibrahim ,
|c 1948-
|
| 710 |
1 |
1 |
|a Institut Penyelidikan Perhutanan Malaysia (FRIM)
|
| 998 |
|
|
|a JPSM
|
| 999 |
|
|
|a 0000005343
|b Monograph
|c Open Shelf
|e Default branch
|
| 999 |
|
|
|a 0000005344
|b Monograph
|c Open Shelf
|e Default branch
|
| 999 |
|
|
|a 0000005345
|b Monograph
|c Open Shelf
|e Default branch
|